| 000 | 00516nam a2200181Ia 4500 | ||
|---|---|---|---|
| 005 | 20250508161304.0 | ||
| 008 | 008 250505s9999 xx 000 0 eng d | ||
| 037 | _aTextual | ||
| 040 |
_aFEDL _beng _cFEDL |
||
| 041 |
_aeng _2eng |
||
| 084 |
_a510, NAT _qFEDL |
||
| 100 | _aSchaaf William L | ||
| 245 | 0 | _aHigh school mathematics library | |
| 260 |
_aWashington, USA _bNational Council of Teachers of Mathematics _c1963 |
||
| 300 | _a55p. | ||
| 942 |
_cTEXL _h510, NAT |
||
| 999 |
_c1369353 _d1369353 |
||